| 000 | 00690nam a2200217 a 4500 | ||
|---|---|---|---|
| 001 | 13032 | ||
| 003 | BD-JhCC | ||
| 005 | 20230615084348.0 | ||
| 008 | 230614b2015 b ||||| ||a| 00| 0 eng d | ||
| 020 | _a9847008403522 | ||
| 035 | _a(BD-JhCC)13032 | ||
| 040 |
_aBD-JhCC _dBD-JhCC |
||
| 041 | _abengali | ||
| 082 |
_a891.4435 _bGAN 2015 |
||
| 100 | _a গঙ্গোপাধ্যায়,নারায়ণ | ||
| 245 |
_aশ্রেষ্ঠ গল্প / _cনারায়ণ গঙ্গোপাধ্যায় |
||
| 260 |
_aঢাকা: _bশোভা প্রকাশ _c2015 |
||
| 300 |
_a207p. : _c21 cm. |
||
| 650 | _aCollection of Short story | ||
| 942 |
_2ddc _cBK |
||
| 999 |
_c13032 _d13032 |
||